000 00489nam a2200181Ia 4500
999 _c27714
_d27714
003 OSt
005 20201228134834.0
008 190216s9999||||xx |||||||||||||| ||und||
020 _a8124005338
040 _coclc
082 _a700
_bRAJ/R
100 _aRajmohan, O P
_97925
245 0 _aRathriyum Moodalmanjum /
_cO P Rajmohan
260 _bCurrent Books,
_aKottayam:
_c1997.
300 _a107p
650 _aPadanam
942 _cBK
_2ddc
_h700
_iRAJ/R
_k700
_mRAJ/R